Princesa

Saved in:
Bibliografiske detaljer
Hovedforfatter: Albuquerque, Fernanda Farias : de
Format: Bog
Udgivet: Milano Tropea 1997
Tags: Tilføj Tag
Ingen Tags, Vær først til at tagge denne postø!

MARC

LEADER 00000nam a22000007i 4500
001 115
003 NUMERAZIONE-ORIGINALE-BRESCIA
005 20260213130813.0
008 950413s1995 it |||||| ||||| |||||c
040 |c BRESCIA 
100 |a Albuquerque, Fernanda Farias : de 
245 0 |a Princesa 
260 |a Milano  |b Tropea  |c 1997 
500 |a Dal Nordeste a Rebibbia: una vita ai margini 
942 |2 ddc  |c BK  |n 0 
952 |0 0  |1 0  |2 ddc  |4 0  |6 25  |7 0  |9 28303  |a BS  |b BS  |d 2026-02-06  |i 115  |l 0  |o 2-5-*  |r 2026-02-06 22:40:32  |w 2026-02-06  |x [REVISIONARE]  |y BK 
999 |c 23997  |d 23997